=LDR 00000nam 2200000 4500 =001 INLIS000000000021153 =005 20130612120033 =008 ***********************************Ind** =035 ##$$0010-061300000021153 =041 ##$$a Ind =082 ##$$a 370.19 =090 ##$$a 370.19, Buc s =100 ##$$a Buchori, Mochtar =245 ##$$a Spektrum problematika pendidikan di Indonesia, Dr. Mochtar Buchori =260 ##$$a 1994 $b Yogya =300 ##$$a 233 hlm, 23 cm =650 ##$$a Pendidikan =850 ##$$a NBPNMAT